The Cambridge Dictionary of Statistics (Record no. 8245)
[ view plain ]
| 000 -LEADER | |
|---|---|
| fixed length control field | 00531nam a22002057a 4500 |
| 003 - CONTROL NUMBER IDENTIFIER | |
| control field | OSt |
| 005 - DATE AND TIME OF LATEST TRANSACTION | |
| control field | 20231213114953.0 |
| 008 - FIXED-LENGTH DATA ELEMENTS--GENERAL INFORMATION | |
| fixed length control field | 231213b |||||||| |||| 00| 0 eng d |
| 020 ## - INTERNATIONAL STANDARD BOOK NUMBER | |
| International Standard Book Number | 052181099X |
| 040 ## - CATALOGING SOURCE | |
| Transcribing agency | DDC |
| 082 ## - DEWEY DECIMAL CLASSIFICATION NUMBER | |
| Classification number | 310.030 EVE 2002 |
| 100 ## - MAIN ENTRY--PERSONAL NAME | |
| Personal name | Everitt, Brian S |
| 9 (RLIN) | 16858 |
| 245 ## - TITLE STATEMENT | |
| Title | The Cambridge Dictionary of Statistics |
| 250 ## - EDITION STATEMENT | |
| Edition statement | 2nd ed. |
| 260 ## - PUBLICATION, DISTRIBUTION, ETC. (IMPRINT) | |
| Place of publication, distribution, etc. | Cambridge University Press, 2002 |
| 300 ## - PHYSICAL DESCRIPTION | |
| Extent | ix,410p; Ill: 25cm |
| 650 ## - SUBJECT ADDED ENTRY--TOPICAL TERM | |
| Topical term or geographic name as entry element | Statistics |
| 9 (RLIN) | 1274 |
| 650 ## - SUBJECT ADDED ENTRY--TOPICAL TERM | |
| Topical term or geographic name as entry element | Dictionary |
| 9 (RLIN) | 5879 |
| 942 ## - ADDED ENTRY ELEMENTS (KOHA) | |
| Source of classification or shelving scheme | Dewey Decimal Classification |
| Koha item type | Open Shelf |
| Withdrawn status | Lost status | Source of classification or shelving scheme | Damaged status | Not for loan | Home library | Current library | Date acquired | Source of acquisition | Inventory number | Total Checkouts | Full call number | Barcode | Date last seen | Price effective from | Koha item type |
|---|---|---|---|---|---|---|---|---|---|---|---|---|---|---|---|
| Dewey Decimal Classification | MUST Main Library | MUST Main Library | 13/12/2023 | Donation | 05/23265 | 310.030 EVE 2002 | 2023-0735 | 13/12/2023 | 13/12/2023 | Open Shelf |
